Object oriented programming with C++ (Record no. 158625)
[ view plain ]
| 000 -LEADER | |
|---|---|
| fixed length control field | 00569nam a2200229Ia 4500 |
| 003 - CONTROL NUMBER IDENTIFIER | |
| control field | OSt |
| 005 - DATE AND TIME OF LATEST TRANSACTION | |
| control field | 20250626111833.0 |
| 008 - FIXED-LENGTH DATA ELEMENTS--GENERAL INFORMATION | |
| fixed length control field | 210423s2010 xx 000 0 und d |
| 020 ## - INTERNATIONAL STANDARD BOOK NUMBER | |
| International Standard Book Number | 9780070669079 |
| 040 ## - CATALOGING SOURCE | |
| Transcribing agency | AL |
| 041 ## - LANGUAGE CODE | |
| Language code of text/sound track or separate title | eng |
| 082 ## - DEWEY DECIMAL CLASSIFICATION NUMBER | |
| Classification number | 005.1302 |
| Edition number | 23 |
| Item number | BALO |
| 100 ## - MAIN ENTRY--PERSONAL NAME | |
| Personal name | Balagurusamy E |
| 9 (RLIN) | 82813 |
| 245 ## - TITLE STATEMENT | |
| Title | Object oriented programming with C++ |
| 250 ## - EDITION STATEMENT | |
| Edition statement | 4 |
| 260 ## - PUBLICATION, DISTRIBUTION, ETC. | |
| Place of publication, distribution, etc. | New Delhi |
| Name of publisher, distributor, etc. | Tata McGrawhill |
| Date of publication, distribution, etc. | 2010 |
| 300 ## - PHYSICAL DESCRIPTION | |
| Extent | xi,637 |
| Other physical details | PB |
| 365 ## - TRADE PRICE | |
| Price amount | 275 |
| Currency code | INR |
| 650 ## - SUBJECT ADDED ENTRY--TOPICAL TERM | |
| Topical term or geographic name entry element | Computer Programming |
| 9 (RLIN) | 82814 |
| 650 ## - SUBJECT ADDED ENTRY--TOPICAL TERM | |
| Topical term or geographic name entry element | General |
| 9 (RLIN) | 82815 |
| 942 ## - ADDED ENTRY ELEMENTS (KOHA) | |
| Source of classification or shelving scheme | Dewey Decimal Classification |
| Koha item type | Book |
| Withdrawn status | Lost status | Source of classification or shelving scheme | Damaged status | Not for loan | Collection code | Home library | Current library | Date acquired | Source of acquisition | Cost, normal purchase price | Total Checkouts | Full call number | Barcode | Date last seen | Price effective from | Koha item type |
|---|---|---|---|---|---|---|---|---|---|---|---|---|---|---|---|---|
| Dewey Decimal Classification | Mathematics | St Aloysius PG Library | St Aloysius PG Library | 08/10/2010 | Athulya Books | 275.00 | 005.1302 BALO | PG005102 | 08/24/2022 | 04/26/2021 | Book | |||||
| Dewey Decimal Classification | Mathematics | St Aloysius PG Library | St Aloysius PG Library | 08/10/2010 | Athulya Books | 275.00 | 005.1302 BALO | PG005103 | 08/24/2022 | 04/26/2021 | Book | |||||
| Dewey Decimal Classification | Mathematics | St Aloysius PG Library | St Aloysius PG Library | 08/10/2010 | Athulya Books | 275.00 | 005.1302 BALO | PG005104 | 08/24/2022 | 04/26/2021 | Book | |||||
| Dewey Decimal Classification | Mathematics | St Aloysius PG Library | St Aloysius PG Library | 08/10/2010 | Athulya Books | 275.00 | 005.1302 BALO | PG005105 | 08/24/2022 | 04/26/2021 | Book | |||||
| Mathematics | St Aloysius PG Library | St Aloysius PG Library | 08/10/2010 | Athulya Books | 275.00 | 005.1302 BALE | PG005106 | 08/24/2022 | 04/26/2021 | Book |